| 000 | 00651nam a22001937a 4500 | ||
|---|---|---|---|
| 999 |
_c172385 _d172385 |
||
| 005 | 20200204124607.0 | ||
| 010 | _aB-29296 | ||
| 020 |
_c90.00 _a818723122X |
||
| 035 | _aB-29296 | ||
| 037 | _bBPPD/Pub. | ||
| 082 | _a840.92 | ||
| 100 | _aفیاض رفعت | ||
| 245 |
_aزندہ اپنی باتوں میں : _bبیدی، عصمت اور عباس / _cفیاض رفعت |
||
| 246 |
_aZinda Apni Batoon Mein (Urdu) / _bby Faiyaz Rifat |
||
| 260 |
_aDelhi _bTakhleeqkar Publishers _c2000 ء |
||
| 270 |
_a104/B, Yawar manzil, I-Block, Laxmi Nagar _bDelhi _e110092 |
||
| 300 |
_a110p. _c22cm(Hb) |
||
| 942 |
_2ddc _cUR _h840.92 _mف ے ا |
||